Ancient History by Letter 'Q' - Statistics

General Stats
  • This quiz has been taken 867 times
    832 since last reset
  • The average score is 4 of 12
Answer Stats
Hint Answer % Correct
A female ruler of a monarchy Queen
98%
First Emperor of China; the first dynasty is also named after him Qin Shi Huang
87%
Modern day country that has had habitants since the Stone Age Qatar
79%
Latin common name, also means "fifth" in Latin Quintus
42%
Mesoamerican bird, the Mayans often used their feathers for clothing Quetzal
40%
Roman official who oversees financial affairs Quaestor
23%
The "PQ" in SPQR Populusque
18%
The only hill of Ancient Rome to fit this category Quirinal Hill
18%
Israeli archaeological site, now a national park, where the Dead Sea Scrolls were found Qumran
12%
Roman chariot, drawn by four horses side by side Quadriga
8%
Fifth month in the Roman calendar Quintilis
6%
853 BC battle fought during the Assyrian conquest of Syria Battle of Qarqar
4%
No matching quizzes found
Score Distribution
Percent of People with Each Score
Percentile by Number Answered
Your Score History
You have not taken this quiz since the last reset